[Event "Dortmund Sparkassen op-B 47th"]
[Site "Dortmund"]
[Date "2019.07.16"]
[Round "4"]
[White "Dordevic, Tom"]
[Black "Tipp, Alexander"]
[Result "1/2-1/2"]
[WhiteElo "1555"]
[BlackElo "1739"]
[PlyCount "54"]
[EventDate "2019.07.13"]
[EventType "swiss"]
[EventRounds "9"]
[EventCountry "GER"]
[SourceTitle "CBM 192 Extra"]
[Source "Chessbase"]
[SourceDate "2019.11.06"]
[SourceVersion "1"]
[SourceVersionDate "2019.11.06"]
[SourceQuality "1"]

1. e4 e5 2. Nf3 Nc6 3. Bc4 Nf6 4. d3 Be7 5. c3 0-0 6. Nbd2 a6 7. Bb3 d5 8. 0-0 Be6 9. Bc2 dxe4 10. Nxe4 Nxe4 11. dxe4 Qxd1 12. Rxd1 Bg4 13. h3 Bxf3 14. gxf3 Rad8 15. Be3 Bd6 16. Kh1 Ne7 17. Rg1 Ng6 18. Rg4 Nf4 19. Bxf4 exf4 20. Rag1 g6 21. h4 h5 22. Rg5 Kg7 23. Rxh5 Rh8 24. Rxh8 Rxh8 25. Rg4 Be7 26. Rxf4 Rxh4+ 27. Rxh4 Bxh4 1/2-1/2

[Event "Dortmund Sparkassen op-B 47th"]
[Site "Dortmund"]
[Date "2019.07.13"]
[Round "1"]
[White "Tipp, Alexander"]
[Black "Schacht, Juergen"]
[Result "1-0"]
[WhiteElo "1739"]
[BlackElo "1533"]
[PlyCount "45"]
[EventDate "2019.07.13"]
[EventType "swiss"]
[EventRounds "9"]
[EventCountry "GER"]
[SourceTitle "CBM 192 Extra"]
[Source "Chessbase"]
[SourceDate "2019.11.06"]
[SourceVersion "1"]
[SourceVersionDate "2019.11.06"]
[SourceQuality "1"]

1. e4 e5 2. f4 exf4 3. Nf3 g5 4. Bc4 d6 5. h4 g4 6. Ng5 Nh6 7. d4 f6 8. Nh3 f3 9. gxf3 gxh3 10. Bxh6 Bxh6 11. f4 Qe7 12. Qh5+ Kd8 13. Nd2 Bxf4 14. 0-0-0 Be6 15. Bd3 Rg8 16. Rhf1 Bxd2+ 17. Rxd2 Nd7 18. Qb5 Rb8 19. e5 dxe5 20. dxe5 Kc8 21. exf6 Nxf6 22. Re1 Qf7 23. Bf5 1-0